Statistics for Video Game Logos Quiz

Click here to take the quiz!

General Stats

  • This quiz has been taken 13,666 times
  • The average score is 14 of 20

Answer Stats

Answer % Correct
Play Station
99%
XBox
98%
Minecraft
94%
Candy Crush
91%
The Legend of Zelda:
Breath of the Wild
90%
Sega
87%
Atari
81%
Mortal Kombat
76%
Donkey Kong
72%
Doom
72%
Nintendo 64
69%
Ms. Pac-Man
60%
Skyrim
58%
Clash of Clans
57%
Rocket League
56%
Overwatch
51%
Half-Life
46%
Gears of War
46%
Fortnite
35%
Roblox
32%

Score Distribution

Percentile by Number Answered

Percent of People with Each Score

Your Score History

You have not taken this quiz